000 00539nam a2200169Ia 4500
008 090711s9999 xx 000 0 und d
082 _b24158
100 _aबेहेरे माधव उाgऎ.
245 _aतुमSाा जन्मरवि
260 _c1970
300 _a196
600 _aबेहेरे माधव उाgऎ.
630 _aतुमSाा जन्मरवि
700 _aबेहेरे माधव उाgऎ.
730 _aतुमSाा जन्मरवि
942 _cBOOK
999 _c307548
_d307548